Derecho administrativo

Saved in:
Bibliografiske detaljer
Hovedforfatter: Fraga, Gabino (Author)
Format: Bog
Sprog:spansk
Udgivet: Ciudad de México Porrua 1962
Udgivelse:9a. ed
Fag:
Tags: Tilføj Tag
Ingen Tags, Vær først til at tagge denne postø!

MARC

LEADER 00000nam a2200000 a 4500
001 UCS5378
003 CL-VaPUC
008 970830e19620000MX |||||||||||||||||spa|d
082 0 4 |a 342.06  |b FRA  |2 21 
100 0 |a Fraga, Gabino  |e author  |9 391171 
245 1 0 |a Derecho administrativo 
250 |a 9a. ed 
300 |a 518 p 
942 |c BK 
945 |d 19970830 00:00:00  |a lriquelm 
260 |a Ciudad de México  |b Porrua  |c 1962 
650 0 |a Derecho administrativo  |9 254851 
650 0 |a Función administrativa  |9 384495 
650 7 |a FUNCION JURISDICCIONAL  |2 CL-VaPUC  |9 366202 
650 7 |a FUNCION LEGISLATIVA  |2 CL-VaPUC  |9 391172 
650 0 |a Fuentes del derecho   |9 255162 
650 0 |a Administración pública   |9 255343 
650 7 |a ORGANIZACION ADMINISTRATIVA  |2 CL-VaPUC  |9 257438 
650 0 |a Descentralización administrativa (administración descentralizada)  |9 255464 
650 0 |a Actos administrativos   |9 256128 
650 0 |a Procedimiento administrativo  |9 256132 
650 0 |a Finanzas públicas   |9 358992 
650 7 |a BIENES DEL ESTADO  |2 CL-VaPUC  |9 391173 
650 0 |a Recursos administrativos  |9 255671 
650 7 |a CONTROL JURISDICCIONAL  |2 CL-VaPUC  |9 383876 
650 7 |a CONTENCIOSO ADMINISTRATIVO  |2 CL-VaPUC  |9 255490 
583 |a last modification  |c 19970830 00:00:00  |k Rodrigo Vera 
999 |c 261891  |d 261889 
952 |0 0  |1 0  |4 0  |6 342_060000000000000_FRA_1962  |7 0  |8 A  |9 289798  |a BIBDER  |b BIBDER  |d 2019-11-19  |i 1877151  |o 342.06 FRA 1962  |p 1877151  |r 2023-01-25  |w 2019-11-19  |y BK  |k DER